Logo BPK

Biblioteka

Politechniki Koszalińskiej

Rocznik Demograficzny 2005 = (Rekord nr 24055)

Szczegóły MARC
000 -ETYKIETA REKORDU
podpole kontrolne o stałej długości 00885nam a2200229 i 4500
001 - NUMER KONTROLNY REKORDU
pole kontrolne bg
003 - IDENTYFIKATOR NUMERU KONTROLNEGO REKORDU
podpole kontrolne BPK
005 - DATA OSTATNIEJ MODYFIKACJI REKORDU
podpole kontrolne 20130610082859.0
008 - POLE O STAŁEJ DŁUGOŚCI - DANE KONTROLNE
podpole kontrolne o stałej długości s pl f |000 0 pol
040 ## - ŹRÓDŁO KATALOGOWANIA
Instytucja, która utworzyła rekord BPK
041 0# - KOD JĘZYKA
Kod języka tekstu pol
080 ## - UNIWERSALNA KLASYFIKACJA DZIESIĘTNA - UKD
UKD 314(438)(083.1)
245 00 - TYTUŁ/ODPOWIEDZIALNOŚĆ
Tytuł Rocznik Demograficzny 2005 =
Ciąg dalszy tytułu Demographic yearbook of Poland : [dokument elektroniczny] /
Pozostałe elementy strefy tytułu i oznaczenia odpowiedzialności Główny Urząd Statystyczny.
260 ## - STREFA ADRESU WYDAWNICZEGO
Miejsce wydania Warszawa :
Nazwa wydawcy/dystrybutora Zakład Wydawnictw Statystycznych,
Data publikacji, dystrybucji/powstania dokumentu 2005.
300 ## - STREFA OPISU FIZYCZNEGO
Objętość 1 dysk optyczny (CD ROM), format PDF, XLS.
490 1# - STREFA SERII I DOKUMENTU WIELOCZĘŚCIOWEGO - FORMA NIE DO WYSZUKIWANIA
ISSN 1732-4920
500 ## - UWAGI OGÓLNE
Tekst uwagi Min. wymagania sprzętowe: Pentium 120, 16MB RAM, CD-ROM, monitor VGA 800x600, 256 color, Win9x.
650 #9 - HASŁO PRZEDMIOTOWE W FORMIE NAZWY OGÓLNEJ LUB JEDNOSTKOWEJ
Nazwa ogólna lub geograficzna Demografia
Określnik geograficzny Polska
Określnik chronologiczny stan na 2005 r.
710 #0 - HASŁO DODATKOWE - NAZWA CIAŁA ZBIOROWEGO
Nazwa ciała zbiorowego lub jednostki geograficznej Główny Urząd Statystyczny
856 ## - LOKALIZACJA I DOSTĘP DO ELEKTRONICZNYCH DOKUMENTÓW ZDALNYCH
Link (URL) http://koha.tu.koszalin.pl/cgi-bin/koha/opac-detail.pl?biblionumber=24055
Tekst linku Katalog online BPK
942 ## - DODATKOWE ELEMENTY (KOHA)
Typ dokumentu Płyta CD
Schemat klasyfikacji Universal Decimal Classification
Egzemplarze
Wycofany Status egzemplarza Uszkodzony Dostępność Lokalizacja stała Lokalizacja bieżąca Miejsce przechowywania Sygnatura Kod kreskowy Typ dokumentu
      Tylko na miejscu Biblioteka Politechniki Koszalińskiej Biblioteka Politechniki Koszalińskiej Czytelnia Wydziałowa ul. Kwiatkowskiego 6e CD 1299 02307077 Płyta CD
© 2023 Biblioteka Politechniki Koszalińskiej :: KOHA